Vplyv americkej kultúry na slovenského spotrebiteľa bakalárska práca

Gespeichert in:
Bibliographische Detailangaben
1. Verfasser: Lipianska, Dominika
Körperschaft: Obchodná fakulta EU. Katedra medzinárodného obchodu
Weitere Verfasser: Škorvagová, Simona
Format: Buch
Sprache:Slowakisch
Veröffentlicht: Bratislava 2010
Tags: Tag hinzufügen
Keine Tags, Fügen Sie das erste Tag hinzu!

MARC

LEADER 00000nam$a2200000$$$4500
001 0134136
005 20240320074604.5
041 0 |a slo 
044 |a SK 
245 1 0 |a Vplyv americkej kultúry na slovenského spotrebiteľa  |b bakalárska práca  |c Dominika Lipianska ; školiteľ: Simona Škorvagová 
264 1 |a Bratislava  |c 2010 
300 |a 53 s. 
100 1 |a Lipianska, Dominika 
700 1 |a Škorvagová, Simona 
710 2 |a Obchodná fakulta EU. Katedra medzinárodného obchodu